| 000 | 00500nam a2200145Ia 4500 | ||
|---|---|---|---|
| 008 | 100204s9999 xx 000 0 und d | ||
| 082 | _b15854 | ||
| 100 | _aकोलारकर शरद | ||
| 245 | _aजगा वेगळे जीवन रंग | ||
| 260 |
_b"विजय प्रकाशन , नागपूर" _c1992 |
||
| 300 | _a188 | ||
| 630 | _aजगा वेगळे जीवन रंग | ||
| 730 | _aजगा वेगळे जीवन रंग | ||
| 942 | _cBOOK | ||
| 999 |
_c460277 _d460274 |
||